000 00323nam a2200121Ia 4500
008 190216s9999||||xx |||||||||||||| ||und||
100 _aKalkundrikar Ab &kembhavi M N&Amp;Nataraj
245 0 _aBanking Law And Practice
260 _bHimalaya Publishing House
_c1987
300 _a192p
650 _aEconomics
942 _cBK
999 _c9773
_d9773